Spying on the bomb : American nuclear intelligence from Nazi Germany to Iran and North Korea /

Bibliographic Details
Main Author: Richelson, Jeffrey
Format: Book
Language:English
Published: New York : Norton, [2006]
Edition:1st ed.
Subjects:
Online Access:Table of contents

MARC

Tag First Indicator Second Indicator Subfields
LEADER 00000cam a22000004a 4500
001 in00002128921
005 20151103061742.0
008 050518s2006 nyuab b 001 0 eng
010 |a  2005014415 
015 |a GBA620965  |2 bnb 
016 7 |a 013397209  |2 Uk 
020 |a 0393053830 (hardcover) 
035 |a (OCoLC)ocm60557325 
040 |a DLC  |c DLC  |d YDX  |d UKM  |d BAKER  |d OCO  |d NPL  |d UtOrBLW 
042 |a pcc 
043 |a n-us--- 
049 |a TXAM 
050 0 0 |a UB271.U5  |b R53 2006 
100 1 |a Richelson, Jeffrey. 
245 1 0 |a Spying on the bomb :  |b American nuclear intelligence from Nazi Germany to Iran and North Korea /  |c Jeffrey T. Richelson. 
250 |a 1st ed. 
264 1 |a New York :  |b Norton,  |c [2006] 
264 4 |c ©2006 
300 |a 702 pages :  |b illustrations, maps ;  |c 24 cm. 
336 |a text  |b txt  |2 rdacontent 
337 |a unmediated  |b n  |2 rdamedia 
338 |a volume  |b nc  |2 rdacarrier 
504 |a Includes bibliographical references (pages [551]-672) and index. 
650 0 |a Espionage, American. 
650 0 |a Nuclear weapons information. 
650 0 |a Nuclear weapons  |x Research. 
650 0 |a Nuclear arms control  |z United States. 
856 4 1 |3 Table of contents  |u http://www.loc.gov/catdir/toc/ecip0513/2005014415.html  |t 0 
945 |i PromptCat 
947 |a A14832725104 
994 |a 92  |b TXA 
948 |a cataloged  |b h  |c 2006/4/24  |d c  |e aklinger  |f 3:55:31 pm 
999 |a MARS 
999 f f |s 38737a84-c603-33fe-8ed0-e9544a57cca9  |i 3027454f-4c97-35dd-b0fe-64bb8a5311a0  |t 0 
952 f f |p normal  |a Texas A&M University  |b College Station  |c Sterling C. Evans Library  |d Evans: Library Stacks  |t 0  |e UB271.U5 R53 2006  |h Library of Congress classification  |i unmediated -- volume  |m A14832725104 
998 f f |a UB271.U5 R53 2006  |t 0  |l Evans: Library Stacks